Selected papers and lectures on Ghanaian law / (Record no. 2355)
[ view plain ]
| 000 -LEADER | |
|---|---|
| fixed length control field | 00623cam a2200157 i 4500 |
| 001 - CONTROL NUMBER | |
| control field | 22398849 |
| 005 - DATE AND TIME OF LATEST TRANSACTION | |
| control field | 20241216204912.0 |
| 008 - FIXED-LENGTH DATA ELEMENTS--GENERAL INFORMATION | |
| fixed length control field | 220127s2021 gh b 001 0 eng |
| 020 ## - INTERNATIONAL STANDARD BOOK NUMBER | |
| International Standard Book Number | 9789988310783 |
| 050 00 - LIBRARY OF CONGRESS CALL NUMBER | |
| Classification number | KRX74 |
| Item number | .D38 2021 |
| 100 1# - MAIN ENTRY--PERSONAL NAME | |
| Personal name | Date-Bah, S. K. |
| Fuller form of name | (Samuel Kofi), |
| Relator term | author. |
| 245 10 - TITLE STATEMENT | |
| Title | Selected papers and lectures on Ghanaian law / |
| Statement of responsibility, etc. | Samuel Kofi Date-Bah, LL.B (Ghana), LL.M (Yale), Ph.D (London), former professor of law, retired justice of the Supreme Court of Ghana and fellow of the Ghana Academy of Arts and Sciences. |
| 300 ## - PHYSICAL DESCRIPTION | |
| Extent | xx, 323 pages ; |
| Dimensions | 25 cm |
| 650 #0 - SUBJECT ADDED ENTRY--TOPICAL TERM | |
| Topical term or geographic name entry element | Law |
| Geographic subdivision | Ghana. |
| 942 ## - ADDED ENTRY ELEMENTS (KOHA) | |
| Source of classification or shelving scheme | Library of Congress Classification |
| Koha item type | Books |
| Suppress in OPAC | No |
| 999 ## - | |
| -- | 2355 |
| -- | 2355 |
| Withdrawn status | Lost status | Source of classification or shelving scheme | Damaged status | Not for loan | Collection | Home library | Current library | Shelving location | Date acquired | Total checkouts | Full call number | Barcode | Date last seen | Copy number | Uniform resource identifier | Price effective from | Koha item type |
|---|---|---|---|---|---|---|---|---|---|---|---|---|---|---|---|---|---|
| Library of Congress Classification | Non-fiction | Law Library (Christ Temple) | Law Library (Christ Temple) | General stacks | 12/16/2024 | KRX179.D26 DAT | llct00000 140 | 12/16/2024 | 1 | KRX74.D38 DAT | 12/16/2024 | Books | |||||
| Library of Congress Classification | Non-fiction | Law Library (Christ Temple) | Law Library (Christ Temple) | General stacks | 12/16/2024 | KRX179.D26 DAT | llct00000 141 | 12/16/2024 | 2 | KRX74.D38 DAT | 12/16/2024 | Books |